Responses for show #4301 - Monday, April 21, 2003

Contestants

[<< previous game]

Pim Lustig, a university course administrator from Seattle, Washington

Sarah Conrad, a senior program associate from Columbia, South Carolina

Gerry Waggett, a writer from Dorchester, Massachusetts (whose 2-day cash winnings total $44,900)

[next game >>]

Jeopardy! Round responses

FAMOUS FIRSTS
QUITE A DISH
KING WORLD
SONY
COLOMBIA PICTURES
TRY "STAR"
    $200 11
(Alex: Good man...you kept us a family show!)

eyelashes

Pim
    $200 14
skin

Gerry
    $200 26
(Gerry: What is Egypt?)
(Sarah: What is Morocco?)

Saudi Arabia

GerrySarahPim
    $200 6
sake

Pim
    $200 17
The Three Stooges

Gerry
    $200 1
starstruck

Pim
    $400 12
carbon paper

Sarah
    $400 20
tortilla

Pim
    $400 27
King Juan Carlos

Pim
    $400 7
Beta/Betamax

Gerry
    $400 18
Bogota

Pim
    $400 2
starting gate

Gerry
    $600 13
punch cards

Sarah
    $600 21
sour cream

Gerry
    $600 28
James

Gerry
    $600 8
CHiPs

Gerry
    $600 19
Theodore Roosevelt

Sarah
    $600 3
(Sarah: What are the Stars and Stripes?)
(Pim: What are the Bars and Stars?)

"Stars and Bars"

SarahPim
Triple Stumper
    $1,600 15
instant replay

Gerry
    $800 24
beefalo

Sarah
    $800 29
Denmark & Norway

Pim
    $800 9
Mr. Deeds (Wellington Deeds)

Gerry
    $800 22
Juan Valdez

Gerry
    $800 4
starfish

Sarah
    $1000 16
(Pim: Who is Teller?)

Enrico Fermi

Pim
Triple Stumper
    $1000 25
vichyssoise

Pim
    $1000 30
Lorraine

Pim
    $1000 10
The Young and the Restless

Gerry
    $1000 23
Simon Bolivar

Sarah
    $1000 5
starch

Sarah

Scores at the first commercial break (after clue 15):

Gerry Sarah Pim
$5,000 $2,200 $0

Scores at the end of the Jeopardy! Round:

Gerry Sarah Pim
$7,000 $4,400 $3,200

Double Jeopardy! Round responses

PACIFIC ISLAND CULTURES
CARTOON THEME SONGS
(Alex: You have to name the program.)
BIRDS
NO E'S PLEASE
(Alex: There must not be an "E" in your response.)
NATIONAL HISTORIC SITES
POETS BEFORE & AFTER
    $400 26
Easter Island

Gerry
    $400 3
The Flintstones

Sarah
    $400 15
Alaska

Pim
    $400 17
Judicial

Gerry
    $400 11
Puerto Rico

Pim
    $400 1
Robert Frostbite

Pim
    $800 27
(Gerry: Who are the Aborigines?)

Maoris

GerrySarah
    $800 4
George of the Jungle

Triple Stumper
    $800 16
bull

Gerry
    $800 18
(Gerry: What are Psalms?)
(Sarah: What are Romans?)

Kings

GerrySarah
Triple Stumper
    $800 12
Tuskegee Airmen

Sarah
    $800 2
Walt Whitman Sampler

Gerry
    $1200 28
(Pim: What is Borneo?)
[The end-of-round signal sounds.]

Papua New Guinea

Pim
Triple Stumper
    $1200 5
Speed Racer

Gerry
    $1200 22
purple martin

Sarah
    $1200 19
USA Today

Sarah
    $1200 13
Minutemen

Pim
    $3,000 8
Bob Dylan Thomas

Pim
    $1600 6
(Sarah: What is Bugs Bunny?)

Josie and the Pussycats

SarahPim
    $1600 23
(Alex: With a minute to go.)

mute swan

Sarah
    $3,000 20
(Alex: You're a fast counter!)

thirty

Sarah
    $1600 14
(Gerry: What is Brown v. Topeka?)

Brown v. Board of Education

GerrySarah
    $1600 9
Big Bad John Keats

Triple Stumper
    $2000 7
(Sarah: That's The Bugs Bunny Show.)

Animaniacs

Sarah
Triple Stumper
    $2000 24
kookaburra

Sarah
    $2000 21
(Sarah: What is Australia?)

Madagascar

SarahPim
    $2000 25
John Muir

Sarah
    $2000 10
(Alex: Well done...that was a toughie!)

Ralph Waldo Emerson, Lake & Palmer

Pim

Scores at the end of the Double Jeopardy! Round:

Gerry Sarah Pim
$7,400 $12,600 $13,000

[wagering suggestions for these scores]

Final Jeopardy! Round responses

SCIENTIFIC INSTRUMENTS
(Alex: Just to keep a lot of you folks from writing us letters, we didn't accept Australia a few moments ago because Australia is considered a continent, not an island.)
GerryWhat is a pendulum?
$0
SarahWhat is telescope?
$2,400
PimWhat is pendulum
$12,300
gyroscope

Final scores:

Gerry Sarah Pim
$7,400 $10,200 $700
2nd place: $2,000 New champion: $10,200 3rd place: $1,000

Game dynamics:

Coryat scores:

Gerry Sarah Pim
$6,600 $11,200 $11,200
16 R
(including 1 DD),
4 W
17 R
(including 1 DD),
6 W
18 R
(including 1 DD),
3 W

Combined Coryat: $29,000

The J! Archive is created by fans, for fans. The Jeopardy! game show and all elements thereof, including but not limited to copyright and trademark thereto, are the property of Jeopardy Productions, Inc. and are protected under law. This website is not affiliated with, sponsored by, or operated by Jeopardy Productions, Inc. Join the discussion at JBoard.tv.